Caosmosis /

Guardado en:
Autor Principal: Guattari, Félix
Otros Autores: Agoff, Irene, trad.
Formato: Libro
Publicado: Buenos Aires : Manantial, 1992
Materias:
Etiquetas: Agregar Etiqueta
Sin Etiquetas, Sea el primero en etiquetar este registro!
LEADER 00569nam a22001815a 4500
001 EHU.bham044259
008 130507s1992##################000#0#####d
005 20241120100655.0
245 1 0 |a Caosmosis /  |c Félix Guattari ; trad. por Irene Agoff. 
260 |a Buenos Aires :  |b Manantial,  |c 1992 
300 |a 164 p. 
020 |a 9789875000063 
100 1 |a Guattari, Félix 
700 1 |a Agoff, Irene, trad. 
082 3 0 |a 309 
653 |a Filosofía francesa 
653 |a Sociología-subjetividad y psicoanálisis 
859 |a AR-BHAM  |b BIB. HUMANIDADES - General  |h 309  |i G932-2  |p 501.16  |t Ej.1